Wszystkie powiaty w II RP z mapą - Statystyki

Ogólne statystyki
  • Ten quiz został rozwiązany 5 108 razy
    4 738 od ostatniego zresetowania
  • Średni wynik to 85 z 264
Odpowiedzi na mapie
Odpowiedzi zakodowano w zielono-czerwonej skali na mapie do tego quizu, zgodnie z poniższymi procentami.
 
Statystyki odpowiedzi
Powiat % Poprawnych
warszawski
79%
Lwów
77%
Poznań
77%
Kraków
76%
Wilno
76%
Łódź
72%
lwowski
72%
krakowski
71%
poznański
71%
Gdynia
69%
Lublin
69%
Białystok
68%
łódzki
68%
Toruń
68%
Bydgoszcz
67%
Radom
67%
białostocki
66%
bydgoski
65%
toruński
65%
radomski
64%
Częstochowa
63%
Katowice
63%
lubelski
63%
częstochowski
62%
kielecki
62%
brzeski
59%
rzeszowski
59%
suwalski
58%
bielski
56%
Gniezno
56%
tarnowski
56%
płocki
55%
gnieźnieński
54%
kaliski
53%
Inowrocław
52%
koniński
52%
nowosądecki
52%
Grudziądz
51%
inowrocławski
51%
katowicki
51%
nowotarski
50%
przemyski
50%
sandomierski
50%
Sosnowiec
50%
włocławski
50%
zamojski
50%
miński
49%
piotrkowski
49%
chełmski
48%
cieszyński
48%
grudziądzki
48%
augustowski
47%
ostrowski
47%
siedlecki
47%
Chorzów
46%
stanisławowski
46%
tarnobrzeski
46%
bialski
45%
Bielsko
45%
tarnopolski
45%
tczewski
45%
grodzieński
44%
krośnieński
44%
łomżyński
44%
skierniewicki
44%
żywiecki
44%
ostrołęcki
43%
sieradzki
43%
tomaszowski
43%
puławski
42%
sanocki
42%
kolski
41%
mielecki
41%
wieluński
41%
bocheński
40%
wadowicki
40%
chojnicki
39%
hrubieszowski
39%
ciechanowski
38%
dąbrowski
38%
dębicki
38%
gorlicki
38%
kartuski
38%
leszczyński
38%
łowicki
38%
mławski
38%
nowogródzki
38%
rawski
38%
jarosławski
37%
kutnowski
37%
limanowski
37%
rybnicki
37%
chełmiński
36%
jasielski
36%
łęczycki
36%
radomszczański
36%
turecki
36%
grójecki
35%
łucki
35%
myślenicki
34%
śremski
34%
starogardzki
34%
świecki
34%
biłgorajski
33%
pułtuski
33%
tucholski
33%
chrzanowski
32%
garwoliński
32%
leski
32%
olkuski
32%
pszczyński
32%
rawicki
32%
sochaczewski
32%
średzki
32%
janowski
31%
jarociński
31%
łańcucki
31%
obornicki
31%
opatowski
31%
płoński
31%
sokólski
31%
włodawski
31%
brodnicki
30%
jędrzejowski
30%
kościerski
30%
lubartowski
30%
łukowski
30%
nowotomyski
30%
opoczyński
30%
piński
30%
włoszczowski
30%
wrzesiński
30%
zawierciański
30%
żniński
30%
będziński
29%
gostyniński
29%
gostyński
29%
kępiński
29%
krasnostawski
29%
krotoszyński
29%
łaski
29%
lubliniecki
29%
miechowski
29%
radzyński
29%
sokołowski
29%
szamotulski
29%
pińczowski
28%
brzeziński
27%
konecki
27%
kościański
27%
kozienicki
27%
makowski
27%
morski
27%
sierpecki
27%
wolsztyński
27%
brzozowski
26%
lubaczowski
26%
mogileński
26%
przasnyski
26%
przeworski
26%
rypiński
26%
tarnogórski
26%
działdowski
25%
kolbuszowski
25%
międzychodzki
25%
wągrowiecki
25%
węgrowski
25%
wysokomazowiecki
25%
chodzieski
24%
czarnkowski
24%
lipnowski
24%
niżański
24%
baranowicki
23%
sępoleński
23%
kowelski
22%
wąbrzeski
22%
lidzki
21%
rówieński
21%
drohobycki
20%
kołomyjski
20%
włodzimierski
20%
stryjski
19%
lubawski
18%
radzymiński
18%
wilejski
18%
samborski
17%
wileńsko-trocki
17%
sarneński
16%
sokalski
15%
szczuczyński
15%
wołkowyski
15%
błoński
14%
brasławski
14%
iłżecki
14%
północno-warszawski
14%
południowo-warszawski
14%
słonimski
14%
szubiński
14%
żółkiewski
14%
frysztacki
13%
jaworowski
13%
kobryński
13%
oszmiański
13%
prasko-warszawski
13%
śródmiejsko-warszawski
13%
zbaraski
13%
buczacki
12%
gródecki
12%
kosowski
12%
krzemieniecki
12%
nieświeski
12%
nieszawski
12%
święciański
12%
wyrzyski
12%
zaleszczycki
12%
brodzki
11%
czortkowski
11%
dobromilski
11%
kałuski
11%
mołodeczański
11%
mościski
11%
stopnicki
11%
turczański
11%
złoczowski
11%
bóbrecki
10%
dubieński
10%
dziśnieński
10%
lubomelski
10%
łuniniecki
10%
postawski
10%
prużański
10%
trembowelski
10%
żydaczowski
10%
brzeżański
9%
doliński
9%
drohicki
9%
horochowski
9%
kostopolski
9%
koszyrski
9%
rohatyński
9%
rudecki
9%
śniatyński
9%
stoliński
9%
stołpecki
9%
zborowski
9%
zdołbunowski
9%
borszczowski
8%
iwacewicki
8%
przemyślański
8%
tłumacki
8%
wołożyński
8%
horodeński
7%
kamionecki
7%
nadwórniański
7%
podhajecki
7%
radziechowski
7%
skałacki
7%
kopyczyniecki
6%
Nie znaleziono quizów pasujących do podanych kryteriów
Rozkład punktacji
Procent ludzi z każdym wynikiem
Percentyl według liczby udzielonych odpowiedzi
Twoja historia wyników
Nie rozwiązałeś tego quizu od ostatniego zresetowania